000
00323nam a2200133 a 4500
005
20140414131924.0
008
101026s19uu xx 00 eng d
050
_a
ER
_b
T41 1997
100
_a
Keay, Kenneth
245
_a
Three billy goats gruff.
260
_b
Anker International,
_c
1997.
440
_a
999
_c
111924
_d
111924